France Immigration by Country - Statistics

General Stats
  • This quiz has been taken 75,942 times
    35,341 since last reset
  • The average score is 15 of 21
Answer Stats
# Country % Correct
244,774 Spain
93%
145,460 United Kingdom
92%
853,466 Algeria
91%
113,338 Germany
90%
802,806 Morocco
90%
286,395 Italy
88%
601,762 Portugal
80%
302,379 Tunisia
80%
121,962 Belgium
79%
108,712 China
75%
85,852 Poland
70%
90,164 D. R. Congo
68%
244,034 Turkey
67%
116,949 Senegal
66%
86,047 Mali
65%
109,908 Ivory Coast
52%
91,503 Cameroon
50%
133,978 Romania
50%
77,400 Vietnam
46%
80,118 Serbia
33%
95,526 Haiti
23%
No matching quizzes found
Score Distribution
Percent of People with Each Score
Percentile by Number Answered
Your Score History
You have not taken this quiz since the last reset